000 00519nam a2200169Ia 4500
999 _c37369
_d37369
003 OSt
005 20200929150822.0
008 190216s9999||||xx |||||||||||||| ||und||
040 _coclc
082 _a596.04
_bSRI/I
100 _aSrivastava, M D L
_95157
245 0 _aAn Introduction To The Comparative Anatomy Of Vertebrates /
_cM D L Srivastava
260 _bCentral Book Depot,
_c1976.
_aAllahabad:
300 _a527p
650 _aZoology
942 _cBK
_2ddc
_h596.04
_iSRI/I
_k596.04
_mSRI/I